|
|
|
|
| LEADER |
00738nam a2200169Ia 4500 |
| 001 |
173372 |
| 008 |
170722s9999 xx 000 0 und d |
| 100 |
|
|
|a Sreedharan, Perumpadavom
|
| 245 |
|
|
|a Perumpadavathinte priyakadhakal /
|
| 260 |
|
|
|a Kollam :
|b Sankeerthanam Publications ,
|c 2010.
|
| 300 |
|
|
|a 383 p.
|
| 653 |
|
|
|a Malayalam Stories
|
| 923 |
|
|
|d 20111126
|n 000532
|
| 942 |
|
|
|c GEN
|
| 999 |
|
|
|c 146556
|d 146556
|
| 952 |
|
|
|0 0
|1 0
|4 0
|6 O_3231NSHIX_P9KRP91
|7 0
|9 206848
|a LIB
|b LIB
|d 2013-03-25
|e Current Books
|l 13
|o O32,31NSHIx P9(KR)-P9;1
|p 285310
|r 2019-06-29
|s 2019-01-10
|v 250.00
|w 2017-08-12
|y GEN
|
| 952 |
|
|
|0 0
|1 0
|4 0
|6 O_3231NSHIX_P9KRP91
|7 0
|8 KR
|9 206849
|a LIB
|b LIB
|d 2013-03-25
|e Current Books
|o O32,31NSHIx P9(KR)-P9;1
|p 285311
|r 2017-08-12
|v 250.00
|w 2017-08-12
|y GEN
|